<O >espartano (Registo nº 27447)

Detalhes MARC
000 -Etiqueta do registo
Valores 00656nam a2200241 4500
090 ## -
-- 27447
100 ## - Dados gerais de processamento
Dados gerais 20060518d1974 m y0pory5003 ba
102 ## - País de publicação
-- PT
101 1# - Língua de publicação
-- por
-- eng
200 1# - Titulo e menção de responsabilidade
Título próprio <O >espartano
Primeira menção de responsabilidade Caroline Dall Snedeker
Outras menções de responsabilidade trad. Olinda Gomes Fernandes
215 ## - Descrição física 
Paginação / Volumes 456, [2] p.
Dimensões 19 cm
210 ## - Publicação
Local de publicação Porto
Nome do editor Civilizaçäo
Data de publicação 1974
225 2# - Colecção 
Título próprio da colecção Cultura viva
300 ## - Notas gerais 
Texto da nota Tít. orig.: The spartan
675 ## - CDU
Notação 931/939
Edição med
Língua por
702 #1 - Autor secundário (pessoa individual)
Apelido Fernandes
Nome Olinda Gomes
-- 730
700 #1 - Autor principal (pessoa individual)
Apelido Snedeker
Nome Caroline Dale
Datas 1871-1956
930 ## -
-- BE/CRE
999 ## -
-- Civilizaçäo
998 ## -
-- CR708-111
990 ## - Elementos KOHA
Tipo de documento Livro
995 ## - Localização e informação dos exemplares
-- 18
Exemplares
Situação do levantamento Estado Biblioteca de origem Biblioteca de empréstimo Código de barras Cota Permissão de empréstimo Tipo de documento
  Completo Biblioteca da Escola Básica e Secundária Dr Isidoro de Sousa Biblioteca da Escola Básica e Secundária Dr Isidoro de Sousa 4051EV 087.5 SNE Disponível Livro




Powered by Koha